Using geographic information systems for site selection (Record no. 97474)

MARC details
000 -LEADER
fixed length control field 01101cam a2200313 4500
008 - FIXED-LENGTH DATA ELEMENTS--GENERAL INFORMATION
fixed length control field 090401t1999 xxu||||| |||| 00| 0 eng d
020 ## - INTERNATIONAL STANDARD BOOK NUMBER
International Standard Book Number 0854069186
022 0# - INTERNATIONAL STANDARD SERIAL NUMBER
International Standard Serial Number 1354-506X
035 ## - SYSTEM CONTROL NUMBER
System control number (Sirsi) u89569
041 0# - LANGUAGE CODE
Language code of text/sound track or separate title eng
050 04 - LIBRARY OF CONGRESS CALL NUMBER
Classification number 333.70285 $2 18
110 2# - MAIN ENTRY--CORPORATE NAME
Corporate name or jurisdiction name as entry element Royal Institution of Chartered Surveyors
9 (RLIN) 4900
240 00 - UNIFORM TITLE
Uniform title Using geographical information for site selection
245 00 - TITLE STATEMENT
Title Using geographic information systems for site selection
Remainder of title how can geographic systems be of use in selecting suitable retail sites
-- what lessons can we learn from the use of similar systems in other areas?
260 ## - PUBLICATION, DISTRIBUTION, ETC.
Place of publication, distribution, etc. London
Name of publisher, distributor, etc. RICS
Date of publication, distribution, etc. 1999
300 ## - PHYSICAL DESCRIPTION
Extent 18p.
Other physical details ill.
Dimensions 30cm.
350 ## - PRICE (NR) (BK AM CF MU VM SE) [OBSOLETE]
Price 6.95
490 #0 - SERIES STATEMENT
Series statement RICS Foundation Research Review Series
520 ## - SUMMARY, ETC.
Summary, etc. Withdrawn November 2007.
690 ## - LOCAL SUBJECT ADDED ENTRY--TOPICAL TERM (OCLC, RLIN)
Topical term or geographic name as entry element ENVIRONMENTAL AND LAND CONSULTANCY-GEOMATICS-GEOGRAPHIC INFORMATION SCIENCE
700 1# - ADDED ENTRY--PERSONAL NAME
Personal name Buchanan, Hugh
700 1# - ADDED ENTRY--PERSONAL NAME
Personal name Fairbairn, David
700 1# - ADDED ENTRY--PERSONAL NAME
Personal name Parker, David
700 1# - ADDED ENTRY--PERSONAL NAME
Personal name Taylor, George
700 1# - ADDED ENTRY--PERSONAL NAME
Personal name Stevenson, Paul
700 1# - ADDED ENTRY--PERSONAL NAME
Personal name Wall, Jason
942 ## - ADDED ENTRY ELEMENTS (KOHA)
Suppress in OPAC 0
948 ## - LOCAL PROCESSING INFORMATION (OCLC); SERIES PART DESIGNATOR (RLIN)
c (OCLC) 10/11/1998
Holdings
Withdrawn status Lost status Source of classification or shelving scheme Damaged status Not for loan Home library Current library Shelving location Date acquired Cost, normal purchase price Total Checkouts Full call number Barcode Date last seen Copy number Cost, replacement price Price effective from Koha item type
    Dewey Decimal Classification     London London RICS Boxes 14/09/1999 6.95   RICS 1999/5 30057648 06/08/2019 1 6.95 06/08/2019 Archive
    Dewey Decimal Classification     London London RICS Boxes 14/09/1999 6.95   RICS 1999/5 30057649 06/08/2019 2 6.95 06/08/2019 Reference material
    Dewey Decimal Classification     London London RICS Boxes 14/09/1999 6.95   RICS 1999/5 30057650 06/08/2019 3 6.95 06/08/2019 Book